书目信息 |
| 题名: |
学校管理
|
|
| 作者: | 安藤尧雄 著 ;马晓唐 , 佟顶力 译 | |
| 分册: | ||
| 出版信息: | 北京 文化教育出版社 1981 |
|
| 页数: | 135页 | |
| 开本: | 19cm | |
| 丛书名: | ||
| 单 册: | ||
| 中图分类: | G47 , G531.3 | |
| 科图分类: | ||
| 主题词: | 学校管理 | |
| 电子资源: | ||
| ISBN: | ||
| 000 | 00781nam0 2200277 45 | |
| 001 | 0181006987 | |
| 005 | 20040425130730.5 | |
| 010 | @dCNY0.42 | |
| 091 | @a7057.046 | |
| 100 | @a19950720d1981 em y0chiy0121 ea | |
| 101 | 1 | @achi@cjpn |
| 102 | @aCN@b110000 | |
| 105 | @ay z 000yy | |
| 106 | @ar | |
| 200 | 10 | @a学校管理@Axue xiao guan li@f(日)安藤尧雄著@g马晓唐,佟顶力译 |
| 210 | @a北京@c文化教育出版社@d1981@h1982印 | |
| 215 | @a135页@d19cm | |
| 606 | @a学校管理 | |
| 690 | @aG47@v3 | |
| 690 | @aG531.3 | |
| 701 | 0 | @a安藤尧雄@Aan teng yao xiong@f日@4著 |
| 702 | 0 | @a马晓唐@Ama xiao tang@4译 |
| 702 | 0 | @a佟顶力@Atong ding li@4译 |
| 801 | 0 | @aCN@b上海图书馆@c20040425 |
| 801 | 2 | @aCN@bNLC@c20040425 |
| 905 | @f2@b72357-358@f3@b156501-503@f1@b72360@dG531.3@e5 | |
| 学校管理/(日)安藤尧雄著/马晓唐,佟顶力译.-北京:文化教育出版社,1981(1982印) |
| 135页;19cm |
| ISBN :CNY0.42 |
| ● |
| 相关链接 |
|
|
|
|
正题名:学校管理
索取号:G531.3/5
 
预约/预借
| 序号 | 登录号 | 条形码 | 馆藏地/架位号 | 状态 | 备注 |
| 1 | 0072357 | 000462047 | 密集书库/ [索取号:G531.3/5] | 在馆 | |
| 2 | 0072358 | 000464045 | 密集书库/ [索取号:G531.3/5] | 在馆 | |
| 3 | 0072360 | 000461967 | 密集书库/ [索取号:G531.3/5] | 在馆 | |
| 4 | 0072361 | 000461510 | 第一样本阅览室/ [索取号:G531.3/5] | 在馆 | |
| 5 | 0156501 | 000464125 | 密集书库/ [索取号:G531.3/5] | 在馆 | |
| 6 | 0156502 | 000464081 | 密集书库/ [索取号:G531.3/5] | 在馆 | |
| 7 | 0156503 | 000464009 | 第四借阅区/ [索取号:G531.3/5] | 在馆 |